Groupes abéliens sans torsion /

Guardado en:
Autor Principal: Benabdallah, Khalid.
Formato: Libro
Idioma:French
Publicado: Montréal, Qué. : Presses de l'Université de Montréal, 1981.
Series:Séminaire de mathématiques supérieures ; 74
Materias:
Etiquetas: Agregar Etiqueta
Sin Etiquetas, Sea el primero en etiquetar este registro!
LEADER 01546nam a2200241 a 4500
001 MAT.inmabb006127
008 810824s1981####quc######b###s000#0#fre##
005 20130205143832.0
245 1 0 |a Groupes abéliens sans torsion /  |c Khalid Benabdallah. 
260 |a Montréal, Qué. :  |b Presses de l'Université de Montréal,  |c 1981. 
300 |a 180 p. ;  |c 28 cm. 
440 0 |a Séminaire de mathématiques supérieures ;  |v 74 
500 |a "Notes du cours de Monsieur Khalid Benabdallah à la dix-huitième session du Séminaire de mathématiques supérieures au Département de mathématiques et de statistique de l'Université de Montréal, tenue du 11 juin au 6 juillet 1979"--P. 4. 
504 |a Incluye referencias bibliográficas. 
505 8 |a The stated intent of the author is to give the reader an idea of recent developments in the theory of torsion-free abelian groups. The monograph is divided into two parts. The first part contains the text of eight lectures given at the University of Montreal in the summer of 1979. Topics emphasized include direct sums of groups of rank one, groups of rank two, quasi-endomorphisms, and groups of rank one. The second part outlines, via stating definition and theorems, nine articles on torsion-free groups published between 1973 and 1979. 
510 4 |a MR,  |c 83a:20075 
020 |a 2760605450 
100 1 |a Benabdallah, Khalid. 
650 0 |a Torsion free Abelian groups. 
084 |a 20K15 (20K20)  |2 msc2000 
010 |a  81174611  
040 |a DLC  |c DLC  |d DLC 
859 |h 20  |i B456  |p A-5523  |b BIB. MATEMATICA